Fatal Bazooka - Toutes les musiques - Statistiques

Statistiques générales
  • Ce quiz a été pris 47 fois
    42 depuis la dernière actualisation
  • Le résultat moyen est 11 sur 32
Statistiques - réponses
Hint Réponse % Correct
T'as vu 17 Parle à ma main (feat. Yelle et Christelle)
87%
Le Bestov de Fatal Bazooka 5 Parle à ma main (feat. Yelle et Christelle)
87%
T'as vu 2 Fous ta cagoule
84%
Le Bestov de Fatal Bazooka 2 Fous ta cagoule
84%
Le Bestov de Fatal Bazooka 3 J'aime trop ton boule
68%
T'as vu 4 J'aime trop ton boule (shake ton booty)
68%
Le Bestov de Fatal Bazooka 1 Ce matin va être une pure soirée (feat. Big Ali, PZK, Dogg Soso, Chris Prolls)
61%
T'as vu 11 Mauvaise Foi Nocturne (feat. Vitoo)
55%
Le Bestov de Fatal Bazooka 4 Mauvaise Foi Nocturne (feat. Vitoo)
55%
T'as vu 14 C'est une pute
39%
T'as vu 1 T'as vu (feat. Cut Skieur)
32%
T'as vu 13 Chienne de vie (feat. Tristesse au Soleil)
29%
T'as vu 18 Trankillement
29%
Le Bestov de Fatal Bazooka 6 Trankillement
29%
Singles 2014 Ce soir sans mon sexe
26%
T'as vu 15 Auto-clash
19%
T'as vu 19 Crepes au froment (version de "Fous ta cagoule" ayant pour thème la nourriture bretonne, avec Finistère Amer) (feat. Finistere Amer)
19%
T'as vu 12 Sale connasse
19%
T'as vu 7 Saturday Night Kebab
19%
T'as vu 3 Viens bégère
19%
T'as vu 6 Viva bazooka
19%
T'as vu 9 Ego Trip
16%
Singles 2021 Le Bwerk
16%
T'as vu 5 MC Chamallow
16%
T'as vu 10 MC Introverti
16%
T'as vu 16 MC Quebec City
16%
T'as vu 8 Ouais ma gueule
16%
Singles 2015 K-Gol
13%
Singles 2010 Tuvaferkwa
13%
Singles 2010 Canapi
6%
Singles 2020 J'arrive pas à danser (reprise de Ma Baker par Boney M.)
6%
Singles 2010 Moi, j'veux du uc !
6%
Aucun quiz correspondant
Distribution des résultats
% des personnes avec chaque résultat
Percentile par nombre de réponses
Votre historique - résultats
Vous n’avez pas pris ce quiz depuis la dernière actualisation